[Event "NBC 2000-02"]
[Site "?"]
[Date "2000.01.01"]
[Round "?"]
[White "Elwert Hans"]
[Black "Timmerman Gert Jan"]
[Result "1-0"]
[WhiteElo "2681"]
[BlackElo "2738"]
[PlyCount "67"]
[EventDate "2000.??.??"]
[Source "www.chesslib.no"]
[SourceDate "2004.05.04"]

1. Nf3 Nf6 2. c4 g6 3. d4 Bg7 4. g3 O-O 5. Bg2 Nc6 6. O-O a6 7. Nc3 Rb8 8. d5 Na5 9. c5 b5 10. cxb6 cxb6 11. Bf4 d6 12. Nd4 Bd7 13. b4 Nc4 14. Qb3 b5 15. Nc6 Bxc6 16. dxc6 Qb6 17. Rac1 e6 18. a4 d5 19. e4 e5 20. Bg5 Qxc6 21. exd5 Qd7 22. axb5 axb5 23. Nxb5 Rxb5 24. Rxc4 Rfb8 25. Rd1 Qd6 26. Rc6 Qd8 27. Qf3 e4 28. Qf4 R5b6 29. Rxb6 Qxb6 30. d6 Nd7 31. Qxe4 Qb5 32. Be7 Ne5 33. Rd5 Qa4 34. Bf1 1-0

[Event "2e Open Cergy-Pontoise m"]
[Site "Cergy"]
[Date "2004.05.15"]
[Round "2"]
[White "Tregubov, Pavel V"]
[Black "Fressinet, Laurent"]
[Result "0-1"]
[WhiteElo "2636"]
[BlackElo "2638"]
[PlyCount "57"]
[EventDate "2004.05.16"]
[Source "Roberto Alvarez"]
[SourceDate "2004.05.24"]

1. d4 Nf6 2. Nf3 g6 3. c4 Bg7 4. g3 c5 5. Bg2 Qa5+ 6. Nc3 Ne4 7. Qd3 cxd4 8. Nxd4 Nc5 9. Qe3 Nc6 10. Ndb5 Ne6 11. Bd2 Qd8 12. Nd5 Bxb2 13. Rd1 Bg7 14. O-O O-O 15. Bc3 a6 16. Bxg7 Nxg7 17. Nd4 e6 18. Nc3 Qe7 19. Ne4 f5 20. Nd6 e5 21. Nb3 Rb8 22. Qb6 Ne6 23. c5 e4 24. f3 exf3 25. exf3 f4 26. Rfe1 fxg3 27. hxg3 Qg5 28. Kf2 Ne5 29. Ne4 0-1

[Event "Europa ch 2008"]
[Site "Plovdiv BUL"]
[Date "2008.05.02"]
[Round "11.46"]
[White "Bocharov, Dmitry"]
[Black "Volokitin, Andrei"]
[Result "1/2-1/2"]
[WhiteElo "2569"]
[BlackElo "2684"]
[PlyCount "21"]
[EventDate "2008.04.21"]
[Source "www.chesslib.no"]
[SourceDate "2004.05.04"]

1. d4 Nf6 2. c4 g6 3. Nf3 Bg7 4. g3 c6 5. Nc3 d5 6. cxd5 cxd5 7. Ne5 Nfd7 8. Nxd7 Bxd7 9. Bg2 e6 10. O-O Nc6 11. e4 1/2-1/2

[Event "Muenchen"]
[Site "?"]
[Date "1993.??.??"]
[Round "?"]
[White "Huebner, R."]
[Black "Adams, M."]
[Result "1/2-1/2"]
[WhiteElo "2620"]
[BlackElo "2630"]
[PlyCount "89"]
[EventDate "1993.??.??"]
[Source "ChessBase"]
[SourceDate "1993.02.01"]

1. d4 Nf6 2. Nf3 g6 3. c4 Bg7 4. g3 O-O 5. Bg2 d6 6. O-O c6 7. b3 Qa5 8. Bb2 Qh5 9. Nbd2 Bh3 10. e4 Na6 11. Re1 Ng4 12. Nh4 Bxg2 13. Kxg2 e5 14. h3 Nf6 15. Nhf3 Rfe8 16. d5 Nc5 17. Qb1 Bf8 18. Bc1 Qh6 19. b4 Ncd7 20. Nb3 Qg7 21. Na5 c5 22. a3 Rab8 23. Be3 Rec8 24. Qd3 Be7 25. Rab1 Bd8 26. Nb3 Bb6 27. Nfd2 Qf8 28. Rb2 Qd8 29. Reb1 cxb4 30. axb4 Bxe3 31. Qxe3 b6 32. Ra2 Rc7 33. Rba1 Rbb7 34. Nc1 b5 35. cxb5 Rxb5 36. Nd3 Nb6 37. Rxa7 Nc4 38. Nxc4 Rxc4 39. Rc1 Rxe4 40. Qf3 Kg7 41. Rcc7 Qf8 42. Rc6 Qd8 43. Rcc7 Qf8 44. Rc6 Qd8 45. Rcc7 1/2-1/2

[Event "Europa ch 2008"]
[Site "Plovdiv BUL"]
[Date "2008.05.02"]
[Round "11.19"]
[White "Sargissian, Gabriel"]
[Black "Kurnosov, Igor"]
[Result "1-0"]
[WhiteElo "2643"]
[BlackElo "2593"]
[PlyCount "391"]
[EventDate "2008.04.21"]
[Source "www.chesslib.no"]
[SourceDate "2004.05.04"]

1. d4 Nf6 2. c4 g6 3. Nf3 Bg7 4. g3 c5 5. d5 b5 6. cxb5 a6 7. bxa6 O-O 8. Nc3 d6 9. Bg2 Bf5 10. O-O Nxa6 11. Nh4 Bd7 12. Bd2 Qa5 13. Qc1 Rfb8 14. h3 c4 15. Rd1 Qb4 16. Rb1 Nc5 17. Nf3 Bf5 18. e4 Nd3 19. Qc2 Qb7 20. Ne1 Nb4 21. Qc1 Nxa2 22. Nxa2 Nxe4 23. Bxe4 Bxe4 24. Nb4 Qc8 25. g4 Bxb1 26. Qxb1 c3 27. bxc3 Bxc3 28. Ned3 Ra1 29. Qb3 Bxb4 30. Nxb4 Rxd1+ 31. Qxd1 Qc4 32. Qa1 Qe4 33. Bc3 f6 34. Qe1 Qxe1+ 35. Bxe1 Kf7 36. Kg2 Rc8 37. Kf3 e6 38. dxe6+ Kxe6 39. Ke3 Rc4 40. Nd3 d5 41. Nf4+ Ke5 42. Ne2 Re4+ 43. Kd3 Ra4 44. Bc3+ Ke6 45. Ke3 Ra3 46. f3 Kd6 47. h4 Ke6 48. Nf4+ Kd6 49. Kd3 g5 50. hxg5 fxg5 51. Ne2 Ke6 52. Ng3 Kf7 53. Nf5 Ke6 54. Ne3 Ra4 55. Nf5 Ra3 56. Kc2 Ra2+ 57. Bb2 Ra4 58. Bc1 Kf6 59. Ng3 Rc4+ 60. Kd2 Ke6 61. Ba3 Kf6 62. Kd3 Ra4 63. Bc5 Kg6 64. Nh5 Rc4 65. Bf8 Ra4 66. Bd6 Ra6 67. Bc5 Ra4 68. Ng3 Rf4 69. Ke3 Rc4 70. Bd4 Ra4 71. Nf5 Ra3+ 72. Kf2 Kf7 73. Bb6 Rb3 74. Bd8 Kg6 75. Ne7+ Kf7 76. Nc6 h6 77. Nd4 Ra3 78. Nf5 Kg6 79. Bb6 Rb3 80. Bc5 Rc3 81. Bd4 Ra3 82. Ng3 Rd3 83. Be5 Ra3 84. Ke2 Ra2+ 85. Kd3 Ra3+ 86. Bc3 Ra4 87. Nh5 Rc4 88. Ng3 Rf4 89. Ke3 Ra4 90. Nf5 h5 91. Bd4 Ra3+ 92. Kf2 hxg4 93. fxg4 Ra4 94. Kf3 Kf7 95. Bb6 Rf4+ 96. Kg3 Rb4 97. Bd8 Kg6 98. Ba5 Ra4 99. Bb6 Rb4 100. Be3 Kf6 101. Bd4+ Kf7 102. Kf3 Ra4 103. Ke3 Ke6 104. Kd3 Ra3+ 105. Bc3 Ra4 106. Nd4+ Ke5 107. Ke3 Kf6 108. Nf3+ Kg6 109. Bd4 Ra3+ 110. Kf2 Ra4 111. Kg3 Ra3 112. Bb6 Rb3 113. Bd8 d4 114. Kf2 Rb2+ 115. Ke1 Rb3 116. Kf2 Rb2+ 117. Kg3 Rb3 118. Ba5 Ra3 119. Bd2 Rb3 120. Kf2 Rb2 121. Ke2 Rb3 122. Ne5  Kf6 123. Nd3 Rb8 124. Bc1 Rh8 125. Bb2 Rd8 126. Kf3 Kf7 127. Ke4 Kg6 128. Bxd4 Re8+ 129. Ne5+ Kf6 130. Bb2 Re7 131. Kd5 Rb7 132. Bd4 Rb1 133. Nf3+ Kg6 134. Ke6 Rf1 135. Ne5+ Kg7 136. Be3 Kh6 137. Bc5 Rf4 138. Be7 Rf1 139. Bf6 Rb1 140. Kf7 Rf1 141. Ke6 Rf4 142. Bd8 Rf1 143. Ba5 Kg7 144. Bd2 Kh6 145. Kd5 Rf8 146. Ke4 Re8 147. Bb4 Rb8 148. Bd6 Rb1 149. Bf8+ Kh7 150. Bc5 Kh6 151. Be3 Re1 152. Nf3 Re2 153. Kd3 Rg2 154. Ne5 Ra2 155. Ke4 Ra8 156. Nf3 Re8+ 157. Kd3 Kg6 158. Bd2 Rd8+ 159. Ke4 Re8+ 160. Kd5 Rd8+ 161. Ke6 Re8+ 162. Kd6 Re4 163. Ne5+ Kf6 164. Bc3 Ra4 165. Nf3+ Kg6 166. Bd4 Kf7 167. Ke5 Ra5+ 168. Ke4 Kg6 169. Ne5+ Kh6 170. Kf5 Kg7 171. Be3 Ra8 172. Kxg5 Re8 173. Bd4 Re6 174. Nf3+ Kh7 175. Kf5 Ra6 176. g5 Ra5+ 177. Be5 Ra6 178. Nd4 Ra1 179. g6+ Kh6 180. Bf4+ Kg7 181. Ne6+ Kg8 182. Be5 Rg1 183. Nf4 Rf1 184. Kg5 Rg1+ 185. Kh6 Rh1+ 186. Nh5 Kf8 187. Kg5 Rg1+ 188. Ng3 Rg2 189. Kf6 Kg8 190. Nf5 Rf2 191. Ke6 Rg2 192. Bg3 Ra2 193. Kf6 Ra7 194. Bd6 Ra8 195. Ne7+ Kh8 196. Be5 1-0

[Event "Russian Cup f"]
[Site "Sochi"]
[Date "1997.??.??"]
[Round "8"]
[White "Malaniuk, Vladimir P"]
[Black "Fedorov, Alexei"]
[Result "1-0"]
[WhiteElo "2615"]
[BlackElo "2600"]
[PlyCount "73"]
[EventDate "1997.09.17"]
[Source "ChessBase"]
[SourceDate "1998.01.31"]

1. d4 Nf6 2. Nf3 g6 3. c4 Bg7 4. g3 O-O 5. Bg2 c5 6. d5 d6 7. O-O b5 8. cxb5 a6 9. Nc3 axb5 10. Nxb5 Bf5 11. Nh4 Be4 12. Bxe4 Nxe4 13. Qc2 Nf6 14. e4 Nbd7 15. Bd2 Qb6 16. a4 Rfc8 17. Nf3 c4 18. Bc3 Nc5 19. Nd2 Qb7 20. Ra3 Ra6 21. Bxf6 Bxf6 22. Nxc4 Bg7 23. Rd1 h5 24. b3 h4 25. Kg2 Qd7 26. f3 f5 27. exf5 Rf8 28. Nd4 Qb7 29. Nc6 h3+ 30. Kxh3 Rxf5 31. b4 Ne6 32. b5 Ng5+ 33. Kg2 Ra8 34. h4 Nf7 35. a5 Bf6 36. Ne3 Nh6 37. b6 1-0

[Event "Munich"]
[Site "Munich Munich"]
[Date "1990.??.??"]
[Round "?"]
[White "Ribli, Zoltan"]
[Black "Gulko, Boris F"]
[Result "1/2-1/2"]
[WhiteElo "2605"]
[BlackElo "2610"]
[PlyCount "79"]
[EventDate "1990.??.??"]
[Source "www.chesslib.no"]
[SourceDate "2004.05.04"]

1. Nf3 Nf6 2. d4 g6 3. c4 Bg7 4. g3 O-O 5. Bg2 d6 6. O-O c6 7. b3 a6 8. Bb2 b5 9. Nbd2 Nbd7 10. Qc2 Re8 11. Rfd1 Bb7 12. Rac1 Qc7 13. a4 bxa4 14. bxa4 c5 15. d5 e5 16. e4 Reb8 17. Bc3 a5 18. Rb1 Ba6 19. Bf1 Rb4 20. Bxb4 axb4 21. Nb3 Rd8 22. a5 Bh6 23. Ra1 Nh5 24. Nbd2 Rf8 25. Bh3 Nb8 26. Nf1 Ng7 27. Ne3 Bxe3 28. fxe3 Qe7 29. Rf1 Ne8 30. Rf2 Kg7 31. Raf1 Nc7 32. Bg4 Nd7 33. h4 h6 34. Nd2 Ne8 35. Qa4 Ndf6 36. Bd1 Bc8 37. Kg2 Bd7 38. Qa1 Ng4 39. Rf3 Nef6 40. Ba4 1/2-1/2

[Event "EU-ch 4th"]
[Site "?"]
[Date "2003.06.01"]
[Round "3"]
[White "Tkachiev Vladislav"]
[Black "Izoria Zviad"]
[Result "1-0"]
[WhiteElo "2643"]
[BlackElo "2569"]
[PlyCount "109"]
[EventDate "2003.??.??"]
[Source "www.chesslib.no"]
[SourceDate "2004.05.04"]

1. d4 Nf6 2. c4 g6 3. Nf3 Bg7 4. g3 c5 5. d5 b5 6. cxb5 a6 7. bxa6 d6 8. Bg2 Nbd7 9. Nc3 Nb6 10. O-O Bxa6 11. Re1 O-O 12. Nd2 Ra7 13. Nf1 Qa8 14. Ne3 Rb8 15. Qc2 Nc4 16. b3 Nxe3 17. Bxe3 Ng4 18. Bd2 c4 19. h3 Ne5 20. Rec1 Rc7 21. Qd1 h5 22. Rab1 cxb3 23. axb3 Rbc8 24. Na4 Qb7 25. Rxc7 Rxc7 26. Rc1 Rxc1 27. Bxc1 Qb4 28. Bd2 Qa3 29. Bf1 Bb5 30. Nc3 Ba6 31. Qb1 Bb7 32. Bg2 Ba6 33. Qc2 Nd7 34. Ne4 Nf6 35. Nxf6+ Bxf6 36. Bf3 Kg7 37. Bc3 Bb5 38. h4 Bd7 39. Kg2 Bf5 40. e4 Bd7 41. Bxf6+ exf6 42. Qc3 Bb5 43. g4 hxg4 44. Bxg4 Qa2 45. h5 Qb1 46. h6+ Kxh6 47. Qxf6 Qxe4+ 48. Kg3 Qe8 49. Qxd6 Kg7 50. Kf4 f6 51. Be6 Kh6 52. Ke3 Qa8 53. Qc5 Be8 54. d6 Qd8 55. Qc8 1-0

[Event "It \\"]
[Site "?"]
[Date "2005.07.01"]
[Round "3"]
[White "Sharavdorj Dashzeveg"]
[Black "Ibragimov Ildar"]
[Result "0-1"]
[WhiteElo "2526"]
[BlackElo "2683"]
[PlyCount "54"]
[EventDate "2005.??.??"]
[Source "www.chesslib.no"]
[SourceDate "2004.05.04"]

1. d4 g6 2. c4 Nf6 3. Nf3 e6 4. a3 d5 5. Nc3 Bg7 6. cxd5 exd5 7. Qa4+ Bd7 8. Qc2 Qc8 9. Bg5 Bf5 10. Qa4+ c6 11. Bxf6 b5 12. Qb3 Bxf6 13. Rc1 Qe6 14. a4 a6 15. Ra1 b4 16. Qxb4 Nd7 17. a5 Rb8 18. Qa3 c5 19. dxc5 O-O 20. Rd1 Bc2 21. Nd4 Bxd4 22. Rxd4 Rb3 23. Qa2 Rfb8 24. e3 Nf6 25. Na4 Rxe3+ 26. Kd2 Bb3 27. Qa1 Re4 0-1

[Event "Brno Morava-A"]
[Site "Brno"]
[Date "1991.??.??"]
[Round "9"]
[White "Dautov, Rustem"]
[Black "Shirov, Alexei"]
[Result "0-1"]
[WhiteElo "2595"]
[BlackElo "2610"]
[PlyCount "52"]
[EventDate "1991.09.??"]
[Source "ChessBase"]

1. d4 Nf6 2. c4 g6 3. Nf3 Bg7 4. g3 c5 5. Bg2 Qa5+ 6. Bd2 Qb6 7. Nc3 cxd4 8. Na4 Qc6 9. O-O Ne4 10. Ng5 f5 11. Nxe4 fxe4 12. e3 O-O 13. c5 d5 14. cxd6 Qxd6 15. exd4 Bxd4 16. Nc3 Qb6 17. Nxe4 Qxb2 18. Rb1 Qxa2 19. Bb4 Nc6 20. Bxe7 Rf5 21. Nf6+ Kf7 22. Bxc6 Bxf2+ 23. Kh1 bxc6 24. Bd8 Bb6 25. Qd3 Qa6 26. Qd6 Rxf1+ 0-1

[Event "Beograd"]
[Site "?"]
[Date "1991.??.??"]
[Round "?"]
[White "Yusupov, A."]
[Black "Sokolov, I."]
[Result "0-1"]
[WhiteElo "2625"]
[BlackElo "2570"]
[PlyCount "72"]
[EventDate "1991.??.??"]
[Source "ChessBase"]
[SourceDate "1991.10.01"]

1. d4 Nf6 2. c4 g6 3. Nf3 Bg7 4. g3 c5 5. Bg2 Qa5+ 6. Nc3 Ne4 7. O-O Nxc3 8. bxc3 Qxc3 9. Bg5 Qa5 10. d5 d6 11. Rb1 Qxa2 12. e4 Nd7 13. Re1 Ne5 14. Nxe5 Bxe5 15. Bh6 b6 16. Qd3 Qa4 17. Bf1 Qd7 18. h3 Qc7 19. Re2 Bd7 20. Ra2 Bd4 21. Ra6 Rb8 22. Qa3 Rb7 23. Kg2 Kd8 24. Be2 Kc8 25. Bg4 Kb8 26. Qf3 Bxg4 27. hxg4 e6 28. Bd2 h5 29. gxh5 exd5 30. h6 dxc4 31. Rh1 Qc6 32. Rh4 f6 33. Kg1 g5 34. Rh5 Re7 35. Qa3 Qxe4 36. Qa2 c3 0-1

[Event "ch m"]
[Site "ch m"]
[Date "1990.??.??"]
[Round "?"]
[White "Dzindzichashvili, Roman"]
[Black "Gurevich, Mikhail N"]
[Result "1-0"]
[WhiteElo "2545"]
[BlackElo "2645"]
[PlyCount "123"]
[EventDate "1990.??.??"]
[Source "www.chesslib.no"]
[SourceDate "2004.05.04"]

1. d4 Nf6 2. Nf3 g6 3. c4 Bg7 4. g3 c5 5. Bg2 Qa5+ 6. Bd2 Qb6 7. Nc3 cxd4 8. Na4 Qd8 9. Nxd4 Nc6 10. Nxc6 bxc6 11. O-O O-O 12. Rc1 d5 13. Be3 e6 14. Nc5 Qe7 15. cxd5 cxd5 16. Nd3 a5 17. Bd4 Re8 18. Re1 h5 19. Qc2 Ba6 20. Nc5 e5 21. Nxa6 Rxa6 22. Be3 Qe6 23. Red1 e4 24. Bd4 h4 25. e3 hxg3 26. hxg3 Nh7 27. Bxg7 Kxg7 28. Qc3+ Nf6 29. Rd2 g5 30. Rdc2 Kg6 31. Qd4 Rb8 32. b3 Rb4 33. Qc5 Rbb6 34. Bf1 Ra8 35. Qc7 Rh8 36. Bg2 Kg7 37. Rc6 Rxc6 38. Qxc6 Qf5 39. Qc3 Kg6 40. a3 Rb8 41. Rf1 Rb6 42. b4 axb4 43. axb4 Qd7 44. Qd4 Rc6 45. b5 Rc2 46. Qb4 Qf5 47. Qb1 Re2 48. b6 Qe5 49. b7 Rb2 50. Qa1 Nd7 51. Rb1 Rxb1+ 52. Qxb1 Qc7 53. Qb5 Nb6 54. Qa6 f5 55. Qa8 Nxa8 56. b8=Q Qe7 57. f3 f4 58. fxe4 Nb6 59. Bf3 fxe3 60. Be2 d4 61. Qf4 Qa7 62. Qf6+ 1-0

[Event "Riga"]
[Site "?"]
[Date "1981.??.??"]
[Round "?"]
[White "Romanishin, O."]
[Black "Cseshkovsky, V."]
[Result "0-1"]
[WhiteElo "2590"]
[BlackElo "2575"]
[PlyCount "70"]
[EventDate "1981.??.??"]
[Source "www.chesslib.no"]
[SourceDate "2004.05.04"]

1. Nf3 Nf6 2. d4 g6 3. c4 Bg7 4. g3 O-O 5. Bg2 d6 6. O-O c5 7. b3 Nc6 8. Bb2 Ne4 9. Nbd2 Bf5 10. Nh4 Nxd2 11. Qxd2 Bd7 12. Bxc6 Bxc6 13. d5 Bxb2 14. Qxb2 Bd7 15. e4 b5 16. cxb5 Bxb5 17. Rfe1 a5 18. Ng2 a4 19. b4 a3 20. Qd2 cxb4 21. Qxb4 Qd7 22. Rac1 Rfb8 23. Qd2 Ra4 24. Rb1 Rc8 25. f3 Qa7+ 26. Ne3 Rd4 27. Qf2 Qc5 28. Red1 Rb4 29. Qg2 Ba6 30. Rxb4 Qxb4 31. g4 Rc3 32. Rd2 Rd3 33. Rxd3 Bxd3 34. Nd1 Bb1 35. Qe2 Qd4+ 0-1

[Event "Jugoslavija"]
[Site "?"]
[Date "1988.??.??"]
[Round "?"]
[White "Nikolic, Pr"]
[Black "Sokolov, I."]
[Result "1/2-1/2"]
[WhiteElo "2630"]
[BlackElo "2535"]
[PlyCount "81"]
[EventDate "1988.??.??"]
[Source "ChessBase"]
[SourceDate "1988.01.01"]

1. d4 Nf6 2. c4 g6 3. Nf3 Bg7 4. g3 c5 5. d5 b5 6. Bg2 bxc4 7. O-O d6 8. Nfd2 O-O 9. Nxc4 Ba6 10. Qc2 Nbd7 11. Nba3 Nb6 12. Rd1 Qc7 13. Rb1 Nxc4 14. Nxc4 Bxc4 15. Qxc4 a5 16. a4 Nd7 17. Bd2 Rfb8 18. b3 Qa7 19. Be4 Ne5 20. Qc2 Rb6 21. f4 Ng4 22. e3 Rab8 23. Bd3 e6 24. Bc4 exd5 25. Bxd5 Re8 26. Re1 Rbb8 27. Bf3 Nxe3 28. Bxe3 Rxe3 29. Rxe3 c4 30. Kf2 Bd4 31. Rbe1 Rxb3 32. Qe4 Kg7 33. f5 Qc5 34. Bd1 Rxe3 35. Rxe3 d5 36. Qf4 Bxe3+ 37. Qxe3 d4 38. Qf4 d3+ 39. Kf3 gxf5 40. Qg5+ Kf8 41. Qd8+ 1/2-1/2

[Event "Riga"]
[Site "Riga"]
[Date "1981.??.??"]
[Round "4"]
[White "Romanishin, Oleg M"]
[Black "Tseshkovsky, Vitaly"]
[Result "0-1"]
[WhiteElo "2590"]
[BlackElo "2575"]
[PlyCount "70"]
[EventDate "1981.08.??"]
[Source "ChessBase"]

1. Nf3 Nf6 2. d4 g6 3. c4 Bg7 4. g3 O-O 5. Bg2 d6 6. O-O c5 7. b3 Nc6 8. Bb2 Ne4 9. Nbd2 Bf5 10. Nh4 Nxd2 11. Qxd2 Bd7 12. Bxc6 Bxc6 13. d5 Bxb2 14. Qxb2 Bd7 15. e4 b5 16. cxb5 Bxb5 17. Rfe1 a5 18. Ng2 a4 19. b4 a3 20. Qd2 cxb4 21. Qxb4 Qd7 22. Rac1 Rfb8 23. Qd2 Ra4 24. Rb1 Rc8 25. f3 Qa7+ 26. Ne3 Rd4 27. Qf2 Qc5 28. Red1 Rb4 29. Kg2 Ba6 30. Rxb4 Qxb4 31. g4 Rc3 32. Rd2 Rd3 33. Rxd3 Bxd3 34. Nd1 Bb1 35. Qe2 Qd4 0-1

[Event "MK Cafe Cup-A"]
[Site "Koszalin"]
[Date "1999.08.07"]
[Round "5"]
[White "Pigusov, Evgeny"]
[Black "Gritsak, Orest"]
[Result "1/2-1/2"]
[WhiteElo "2609"]
[BlackElo "2550"]
[PlyCount "68"]
[EventDate "1999.08.03"]
[Source "ChessBase"]
[SourceDate "1999.12.01"]

1. Nf3 g6 2. d4 Nf6 3. c4 Bg7 4. g3 c5 5. Nc3 cxd4 6. Nxd4 d5 7. Nb3 dxc4 8. Qxd8+ Kxd8 9. Na5 Nc6 10. Nxc6+ bxc6 11. Bg2 Bb7 12. Bg5 Nd5 13. Nxd5 cxd5 14. Bxd5 Rb8 15. O-O-O Ke8 16. Bf4 Bxd5 17. Bxb8 Bxh1 18. Rxh1 Kd7 19. Bxa7 Ra8 20. Rd1+ Kc6 21. Bd4 e5 22. Bc3 Rxa2 23. Kc2 Ra8 24. f4 f6 25. e4 exf4 26. gxf4 Bh6 27. e5 fxe5 28. Bxe5 Bf8 29. Rd4 Ra4 30. Rd8 Bb4 31. Rb8 Be1 32. Rd8 Bb4 33. h3 Ra7 34. Rd4 Kc5 1/2-1/2

[Event "It"]
[Site "It \\ Monte Carlo"]
[Date "1993.??.??"]
[Round "2"]
[White "Polgar, Zsuzsa"]
[Black "Polgar, Judit"]
[Result "1-0"]
[WhiteElo "2560"]
[BlackElo "2595"]
[PlyCount "70"]
[EventDate "1993.??.??"]
[Source "www.chesslib.no"]
[SourceDate "2004.05.04"]

1. d4 Nf6 2. Nf3 g6 3. c4 Bg7 4. g3 O-O 5. Bg2 d6 6. O-O Nc6 7. d5 Na5 8. Nbd2 c5 9. e4 Nd7 10. Rb1 b5 11. cxb5 a6 12. b4 cxb4 13. Rxb4 axb5 14. Nd4 Nc5 15. Nxb5 Nab7 16. a3 Nd3 17. Rb1 Nbc5 18. Nb3 Ba6 19. Nxc5 Nxc5 20. Re1 Rb8 21. Bf1 Bxb5 22. Rxb5 Rxb5 23. Bxb5 Qa5 24. a4 Nb3 25. Be3 Nd4 26. Bxd4 Bxd4 27. Re2 Qb4 28. Qd2 Qc5 29. Qc2 Qa7 30. Kg2 Kg7 31. h4 e5 32. Qc6 Bxf2 33. Qxd6 Bg1 34. Qd7 Bd4 35. a5 g5 1-0

[Event "JUG-Cup qual"]
[Site "Arandjelovac"]
[Date "1991.??.??"]
[Round "5"]
[White "Georgiev, Kiril D"]
[Black "Sokolov, Ivan"]
[Result "1/2-1/2"]
[WhiteElo "2585"]
[BlackElo "2570"]
[PlyCount "80"]
[EventDate "1991.??.??"]
[Source "www.chesslib.no"]
[SourceDate "2004.05.04"]

1. d4 Nf6 2. c4 g6 3. Nf3 Bg7 4. g3 c5 5. Bg2 Qa5+ 6. Nc3 Ne4 7. Bd2 Nxd2 8. Qxd2 O-O 9. e3 d6 10. h3 Nc6 11. O-O Rb8 12. Rfd1 a6 13. a3 b5 14. b4 Qb6 15. bxc5 dxc5 16. cxb5 axb5 17. dxc5 Qxc5 18. Rac1 Na5 19. Nd5 Qxa3 20. Nd4 Bxd4 21. Qxd4 Nc4 22. Qh4 Rb7 23. Nc3 Rd7 24. Nxb5 Rxd1+ 25. Rxd1 Qb3 26. Rd4 Nxe3 27. fxe3 Qxb5 28. Qxe7 Qa5 29. Kh2 Be6 30. Qf6 Qc3 31. Qg5 h5 32. Rd8 Rxd8 33. Qxd8+ Kh7 34. Qd4 Qe1 35. Qf4 Qe2 36. Qf3 Qd2 37. Kg1 Kg7 38. Qf2 Qc1+ 39. Kh2 Bf5 40. Bd5 Qc5 1/2-1/2

[Event "Wijk aan Zee NED"]
[Site "Wijk aan Zee NED"]
[Date "1983.??.??"]
[Round "?"]
[White "Andersson, Ulf"]
[Black "Hulak, Krunoslav"]
[Result "1-0"]
[WhiteElo "2635"]
[BlackElo "2515"]
[PlyCount "36"]
[EventDate "1983.??.??"]
[Source "www.chesslib.no"]
[SourceDate "2004.05.04"]

1. d4 Nf6 2. Nf3 g6 3. c4 Bg7 4. g3 O-O 5. Bg2 d6 6. O-O c5 7. b3 Nc6 8. Bb2 cxd4 9. Nxd4 Bd7 10. Nc3 a6 11. Rc1 Qa5 12. e3 Rfc8 13. Re1 Bg4 14. Qd2 Qh5 15. Nd5 Nxd5 16. cxd5 Nxd4 17. Bxd4 Bxd4 18. Qxd4 Bf3 1-0

[Event "GRE-GER m"]
[Site "Corfu"]
[Date "1999.10.12"]
[Round "1"]
[White "Jussupow, Artur"]
[Black "Grivas, Efstratios"]
[Result "1-0"]
[WhiteElo "2636"]
[BlackElo "2514"]
[PlyCount "75"]
[EventDate "1999.10.12"]
[Source "ChessBase"]
[SourceDate "2000.02.01"]

1. d4 Nf6 2. Nf3 g6 3. c4 Bg7 4. g3 O-O 5. Bg2 d6 6. O-O Nc6 7. d5 Na5 8. Nbd2 b5 9. cxb5 Nxd5 10. Rb1 c5 11. bxc6 Nxc6 12. Nb3 Nb6 13. Nfd4 Nxd4 14. Nxd4 d5 15. a4 Qd7 16. b3 e5 17. Nc2 Rb8 18. a5 Na4 19. Bd2 Nc5 20. Bb4 Rb5 21. Qxd5 Qxd5 22. Bxd5 Bf5 23. Bc4 Rxb4 24. Nxb4 Bxb1 25. Rxb1 Rb8 26. Nc6 Rb7 27. Rd1 Bf6 28. b4 Na4 29. Rd6 Kg7 30. e4 Nc3 31. f3 Rc7 32. Bd3 Na2 33. b5 Nc3 34. b6 axb6 35. axb6 Rb7 36. Na5 Rb8 37. b7 Na4 38. Rc6 1-0

[Event "It (Men)"]
[Site "?"]
[Date "2005.11.22"]
[Round "5"]
[White "Drasko Milan"]
[Black "Atalik Suat"]
[Result "0-1"]
[WhiteElo "2528"]
[BlackElo "2620"]
[PlyCount "54"]
[EventDate "2005.??.??"]
[Source "www.chesslib.no"]
[SourceDate "2004.05.04"]

1. d4 Nf6 2. c4 g6 3. Nf3 Bg7 4. g3 c5 5. d5 b5 6. cxb5 a6 7. bxa6 O-O 8. Bg2 d6 9. Nc3 Nbd7 10. O-O Nb6 11. Nd2 Bxa6 12. Qc2 Bb7 13. e4 Ng4 14. h3 Ne5 15. f4 Nec4 16. Nf3 Nd7 17. Re1 Qa5 18. e5 dxe5 19. f5 Nd6 20. g4 c4 21. Bg5 f6 22. Be3 gxf5 23. gxf5 Nb6 24. b4 cxb3 25. Qxb3 Nbc4 26. Bf2 Rfb8 27. Rab1 Bc8 0-1

[Event "JUG Cup"]
[Site "Ulcinj"]
[Date "1998.??.??"]
[Round "1"]
[White "Georgiev, Kiril"]
[Black "Martinovic, Slobodan"]
[Result "1/2-1/2"]
[WhiteElo "2675"]
[BlackElo "2470"]
[PlyCount "147"]
[EventDate "1998.??.??"]
[Source "www.chesslib.no"]
[SourceDate "2004.05.04"]

1. d4 Nf6 2. Nf3 g6 3. c4 Bg7 4. g3 O-O 5. Bg2 c6 6. O-O d6 7. b3 Bf5 8. Bb2 Qc8 9. Re1 Re8 10. Nbd2 Bh3 11. e4 Bxg2 12. Kxg2 Nfd7 13. Qc2 a5 14. a3 Na6 15. d5 Nf6 16. Rac1 Nc5 17. dxc6 bxc6 18. e5 dxe5 19. Rxe5 Nfd7 20. Re3 e5 21. Rce1 f6 22. b4 axb4 23. axb4 Na6 24. Bc3 Nb6 25. h4 Rd8 26. Rb1 Nc7 27. Bb2 Qf5 28. Ne4 Ne6 29. Rbe1 h5 30. Qb3 Kh7 31. Nxf6+ Bxf6 32. Bxe5 Ng7 33. Bxf6 Qxf6 34. Ng5+ Kg8 35. Rf3 Qd4 36. Rf4 Qd3 37. Qb2 Nxc4 38. Qc1 Qd5+ 39. Kg1 Ne5 40. Ne4 Ne8 41. Qc3 Ra7 42. Ng5 Nf7 43. Rd4 Qxd4 44. Rxe8+ Kg7 45. Ne6+ Kh7 46. Nxd4 Rxe8 47. Qxc6 Re1+ 48. Kg2 Ne5 49. Qc3 Raa1 50. Ne2 Ng4 51. Qc7+ Kg8 52. Qb8+ Kf7 53. Qb7+ Kf6 54. Qb6+ Kf7 55. Qc7+ Kf6 56. Qd8+ Kf7 57. Qd7+ Kf6 58. Qe8 Kg7 59. Qe7+ Kg8 60. Qe8+ Kg7 61. f3 Nh6 62. Qe5+ Kf7 63. Qc7+ Kf6 64. Nc3 Nf7 65. Ne4+ Kg7 66. Qc3+ Kf8 67. Qc5+ Kg8 68. Kf2 Rf1+ 69. Ke2 Rfe1+ 70. Kf2 Rf1+ 71. Ke2 Rfe1+ 72. Kd3 Red1+ 73. Kc4 Rac1+ 74. Nc3 1/2-1/2

[Event "Dubai op"]
[Site "Dubai"]
[Date "2002.04.22"]
[Round "6"]
[White "Dizdar, Goran"]
[Black "Graf, Alexander"]
[Result "1/2-1/2"]
[WhiteElo "2521"]
[BlackElo "2623"]
[PlyCount "108"]
[EventDate "2002.04.15"]
[Source "ChessBase"]
[SourceDate "2002.05.03"]

1. d4 Nf6 2. Nf3 g6 3. c4 Bg7 4. g3 c5 5. Bg2 Qa5+ 6. Nc3 Ne4 7. Qd3 cxd4 8. Nxd4 Nc5 9. Qd1 Nc6 10. e3 Ne5 11. O-O d6 12. Nd5 Qd8 13. Qe2 Bg4 14. f3 Bd7 15. Rd1 O-O 16. e4 Rc8 17. Be3 Re8 18. Rac1 Nc6 19. Nb5 a6 20. Nbc3 e6 21. Nf4 e5 22. Nfd5 Nd4 23. Qf2 Nce6 24. f4 Rxc4 25. f5 Nc7 26. f6 Bf8 27. Bxd4 exd4 28. Rxd4 Rxd4 29. Qxd4 Nxd5 30. Nxd5 Re5 31. Rf1 Be6 32. Nc3 h5 33. h4 Qc7 34. b4 Qc4 35. Qxc4 Bxc4 36. Rd1 g5 37. Rd4 Be6 38. Nd5 b5 39. Ne7+ Bxe7 40. fxe7 Bxa2 41. Rxd6 Rxe7 42. Rxa6 Bc4 43. hxg5 Kg7 44. Kf2 Re5 45. Bf3 Rxg5 46. Rc6 f6 47. Rc5 Kg6 48. Rc8 Re5 49. Ke3 Re7 50. Rc5 Re5 51. Rc8 Re7 52. Rc5 Re5 53. Kf4 Re7 54. Ke3 Re5 1/2-1/2

[Event "Nis"]
[Site "?"]
[Date "1996.??.??"]
[Round "?"]
[White "Malaniuk, Vladimir P"]
[Black "Ilincic, Z."]
[Result "1/2-1/2"]
[WhiteElo "2610"]
[BlackElo "2520"]
[PlyCount "112"]
[EventDate "1996.??.??"]
[Source "ChessBase"]
[SourceDate "1996.10.01"]

1. d4 Nf6 2. Nf3 g6 3. c4 Bg7 4. g3 O-O 5. Bg2 d6 6. O-O Nbd7 7. Qc2 e5 8. Rd1 Re8 9. e4 exd4 10. Nxd4 Nc5 11. Nc3 a5 12. Ndb5 Bd7 13. Be3 Qc8 14. f3 b6 15. Re1 Be6 16. b3 Re7 17. g4 h6 18. Qd2 Kh7 19. Rad1 Qa6 20. Nd4 Bd7 21. Bf2 Rae8 22. h4 c6 23. Nde2 Nb7 24. Qe3 Be6 25. Qxb6 Qxb6 26. Bxb6 c5 27. Nb5 Rd7 28. Nf4 g5 29. hxg5 hxg5 30. Nxe6 Rxe6 31. f4 gxf4 32. g5 Ng4 33. Bh3 Rg6 34. Rd2 Rxg5 35. Rg2 f5 36. exf5 Be5 37. f6 Bxf6 38. Rf1 Rdg7 39. Rxf4 Ne3 40. Rxg5 Bxg5 41. Rf3 Nxc4 42. Bf5+ Kh8 43. bxc4 Bd8+ 44. Kf2 Bxb6 45. Rh3+ Kg8 46. Be6+ Kf8 47. Bd5 Nd8 48. Nxd6 Rg6 49. Rh8+ Kg7 50. Rg8+ Kh7 51. Rxg6 Kxg6 52. Ke3 Bc7 53. Nb5 Bg3 54. Ke4 Kf6 55. a4 Ne6 56. Bxe6 Kxe6 1/2-1/2